000 00600nam a2200241 i 4500
001 C2-0074335
003 PPAK
005 20180727081008.0
008 970429s1992 enk |||| ||||| | eng d
020 _a0330325434
040 _aPPAK
_beng
_cPPAK
_erda
082 0 4 _a823
_223
090 0 0 _a823
_bFRA
_dG
100 1 _aFrancis , Clare,
_eauthor
245 1 0 _aRequiem
264 1 _aLondon :
_bPan Books ,
_c1992
300 _a728 pages ;
_c18 cm
336 _2rdacontent
_atext
337 _2rdamedia
_aunmediated
338 _2rdacarrier
_avolume
650 1 0 _aEnglish fiction
942 _ddc
_cB
999 _c10546
_d10546